00593nam a2200145 a 4500003000200000005001700002008004100019050002500060100002900085245012900114260009000243300004000333504004100373650003300414020250514090721.0970101s19uu xx 00 eng d aPHS LC 40b.B66 2004 aBonifacio, Faye Elois M. aA Comparative study on the perceptions of home schooling parents and teachers on home schooling /cFaye Elois M. Bonifacio. aLas Piñas City, Philippines :bSouthville International School and Colleges,c2004. a42 pages :billustrations ;c28 cm. aIncludes bibliographical references. aHome schoolingzPhilippines.